Privacy and human rights : (Record no. 46386)
[ view plain ]
| 000 -LEADER | |
|---|---|
| fixed length control field | 01194cac a2200337 i 4500 |
| 003 - CONTROL NUMBER IDENTIFIER | |
| control field | EG-GICUC |
| 005 - DATE AND TIME OF LATEST TRANSACTION | |
| control field | 20260121101350.0 |
| 008 - FIXED-LENGTH DATA ELEMENTS--GENERAL INFORMATION | |
| fixed length control field | 940322s1994 fr fr 001 0 eng d |
| 020 ## - INTERNATIONAL STANDARD BOOK NUMBER | |
| International Standard Book Number | 1855213818 : |
| Terms of availability | $57.95 (approx.) |
| 020 ## - INTERNATIONAL STANDARD BOOK NUMBER | |
| International Standard Book Number | 9781855213814 |
| 040 ## - CATALOGING SOURCE | |
| Original cataloging agency | DLC |
| Transcribing agency | DLC |
| Modifying agency | DLC |
| -- | EG-GICUC |
| Language of cataloging | eng |
| Description conventions | rda |
| 050 00 - LIBRARY OF CONGRESS CALL NUMBER | |
| Classification number | K3263 |
| Item number | .M53 1994 |
| 082 00 - DEWEY DECIMAL CLASSIFICATION NUMBER | |
| Classification number | 341.48 |
| Edition number | 21 |
| 092 04 - LOCALLY ASSIGNED DEWEY CALL NUMBER (OCLC) | |
| Edition number | 21 |
| 099 ## - LOCAL FREE-TEXT CALL NUMBER (OCLC) | |
| Classification number | Law 08 1994 |
| 100 1# - MAIN ENTRY--PERSONAL NAME | |
| Personal name | Michael, James. |
| 245 10 - TITLE STATEMENT | |
| Title | Privacy and human rights : |
| Remainder of title | an international and comparative study, with special reference to developments in information technology / |
| Statement of responsibility, etc. | James Michael. |
| 264 ## - PRODUCTION, PUBLICATION, DISTRIBUTION, MANUFACTURE, AND COPYRIGHT NOTICE | |
| Place of production, publication, distribution, manufacture | Paris, France : |
| Name of producer, publisher, distributor, manufacturer | UNESCO ; |
| Place of production, publication, distribution, manufacture | Aldershot, Hampshire, England : |
| Name of producer, publisher, distributor, manufacturer | Dartmouth Pub. Co., |
| Date of production, publication, distribution, manufacture, or copyright notice | 1994. |
| 300 ## - PHYSICAL DESCRIPTION | |
| Extent | ix, 194 page ; |
| Dimensions | 24 cm. |
| 336 ## - CONTENT TYPE | |
| Content type term | text |
| Content type code | txt |
| Source | rdacontent |
| 337 ## - MEDIA TYPE | |
| Media type term | unmediated |
| Media type code | n |
| Source | rdamedia |
| 338 ## - CARRIER TYPE | |
| Carrier type term | volume |
| Carrier type code | nc |
| Source | rdacarrier |
| 504 ## - BIBLIOGRAPHY, ETC. NOTE | |
| Bibliography, etc. note | Includes bibliographical references and index. |
| 650 #0 - SUBJECT ADDED ENTRY--TOPICAL TERM | |
| Topical term or geographic name entry element | Privacy, Right of. |
| 650 #0 - SUBJECT ADDED ENTRY--TOPICAL TERM | |
| Topical term or geographic name entry element | Data protection |
| General subdivision | Law and legislation. |
| 650 #0 - SUBJECT ADDED ENTRY--TOPICAL TERM | |
| Topical term or geographic name entry element | Human rights. |
| 650 #0 - SUBJECT ADDED ENTRY--TOPICAL TERM | |
| Topical term or geographic name entry element | Information technology. |
| 856 40 - ELECTRONIC LOCATION AND ACCESS | |
| Uniform Resource Identifier | <a href="https://fll.law.cu.edu.eg/fulltext/bks/ENGB08-00049.pdf">https://fll.law.cu.edu.eg/fulltext/bks/ENGB08-00049.pdf</a> |
| 905 ## - Cataloger and Reviser Names | |
| Cataloger Name: | Hend El khosy |
| 942 ## - ADDED ENTRY ELEMENTS (KOHA) | |
| Source of classification or shelving scheme | Dewey Decimal Classification |
| Koha item type | Books |
| Edition | 21 |
| Suppress in OPAC | No |
| Withdrawn status | Lost status | Source of classification or shelving scheme | Damaged status | Not for loan | Collection | Home library | Current library | Date acquired | Total checkouts | Full call number | Barcode | Date last seen | Copy number | Price effective from | Koha item type | Public note |
|---|---|---|---|---|---|---|---|---|---|---|---|---|---|---|---|---|
| Dewey Decimal Classification | القانون الدستوري | جــــامعة القــاهرة | مكتبة كلية الحقوق - فـرع الشيخ زايد | 27.11.2025 | Law2 08 341.48 MI . P 1994 0800049 C1 | ENGB08-00049 | 27.11.2025 | 1 | 27.11.2025 | Books | 83 | |||||
| Dewey Decimal Classification | القانون الدستوري | جــــامعة القــاهرة | مكتبة كلية الحقوق - فـرع الشيخ زايد | 27.11.2025 | Law2 08 341.48 MI . P 1994 0800050 C2 | ENGB08-00050 | 27.11.2025 | 2 | 27.11.2025 | Books | 1742 |